Extractive industries and sustainable development: an evaluation of World Bank group experience (Record no. 43037)

MARC details
000 -LEADER
fixed length control field 00921nam a2200229 a 4500
008 - FIXED-LENGTH DATA ELEMENTS--GENERAL INFORMATION
fixed length control field 060516s2005 ||||||||||||||||| || u
020 ## - INTERNATIONAL STANDARD BOOK NUMBER
International Standard Book Number 0821357107
050 ## - LIBRARY OF CONGRESS CALL NUMBER
Classification number IBRD(06)OED/2005/14
100 ## - MAIN ENTRY--PERSONAL NAME
Personal name Michelitsch, Roland
245 10 - TITLE STATEMENT
Title Extractive industries and sustainable development: an evaluation of World Bank group experience
260 ## - PUBLICATION, DISTRIBUTION, ETC.
Place of publication, distribution, etc. Washington, D. C.
Name of publisher, distributor, etc. World Bank
Date of publication, distribution, etc. 2005
300 ## - PHYSICAL DESCRIPTION
Extent xiv;236p.; ill.
350 ## - PRICE (NR) (BK AM CF MU VM SE) [OBSOLETE]
Price 0.00
490 ## - SERIES STATEMENT
Series statement World Bank Operations Evaluation Department (OED)
650 ## - SUBJECT ADDED ENTRY--TOPICAL TERM
Topical term or geographic name entry element WORLD BANK--AUDITING
650 ## - SUBJECT ADDED ENTRY--TOPICAL TERM
Topical term or geographic name entry element INDUSTRIAL DEVELOPMENT PROJECTS--EVALUATION
650 ## - SUBJECT ADDED ENTRY--TOPICAL TERM
Topical term or geographic name entry element SUSTAINABLE DEVELOPMENT--ARAB REGION
700 ## - ADDED ENTRY--PERSONAL NAME
Personal name Tarazona, Ethel
700 ## - ADDED ENTRY--PERSONAL NAME
Personal name Liebenthal, Andres
856 ## - ELECTRONIC LOCATION AND ACCESS
Uniform Resource Identifier <a href="http://www.worldbank.org/oed">http://www.worldbank.org/oed</a>
995 ## - RECOMMENDATION 995 [LOCAL, UNIMARC FRANCE]
-- 0.00
-- CBU-MAIN LIBRARY (Kitwe)
-- 1
-- 0.00
-- 11
-- AVAILABLE
-- May 16, 2006
-- International Publications
Holdings
Withdrawn status Lost status Source of classification or shelving scheme Damaged status Not for loan Home library Current library Shelving location Date acquired Total Checkouts Full call number Barcode Date last seen Price effective from Koha item type
          CBU-MAIN LIBRARY, KITWE. CBU-MAIN LIBRARY, KITWE.   11/30/2022   IBRD(06)OED/2005/14 44003 11/30/2022 11/30/2022 MONOGRAPH